El juego de los caballos / (Record no. 139612)

MARC details
000 -LEADER
campo de control de longitud fija 00854nam a2200265 4500
001 - NÚMERO DE CONTROL
campo de control 139612
003 - IDENTIFICADOR DE NÚMERO DE CONTROL
campo de control ES-MaACL
005 - FECHA Y HORA DE LA ÚLTIMA TRANSACCIÓN
campo de control 20251002202608.0
007 - CAMPO FIJO DE DESCRIPCIÓN FÍSICA--INFORMACIÓN GENERAL
campo de control de longitud fija t|
008 - DATOS DE LONGITUD FIJA--INFORMACIÓN GENERAL
campo de control de longitud fija 070214s1984 sp a |||| |dspa d
020 ## - NÚMERO INTERNACIONAL ESTÁNDAR DEL LIBRO
Número Internacional Estándar del Libro 84-86353-01-7
080 ## - NÚMERO DE LA CLASIFICACIÓN DECIMAL UNIVERSAL
Número de la Clasificación Decimal Universal 798.4
080 ## - NÚMERO DE LA CLASIFICACIÓN DECIMAL UNIVERSAL
Número de la Clasificación Decimal Universal 821.134.2-4"19"
100 1# - ENTRADA PRINCIPAL--NOMBRE DE PERSONA
Nombre de persona Savater, Fernando,
Fechas asociadas al nombre 1947-
9 (RLIN) 104053
245 13 - MENCIÓN DEL TÍTULO
Título El juego de los caballos /
Mención de responsabilidad, etc. Fernando Savater ; ilustraciones de José Hernández, Juan Carlos Savater.
260 ## - PUBLICACIÓN, DISTRIBUCIÓN, ETC.
Lugar de publicación, distribución, etc. Madrid :
Nombre del editor, distribuidor, etc. El Observatorio,
Fecha de publicación, distribución, etc. 1984.
300 ## - DESCRIPCIÓN FÍSICA
Extensión 151 p. :
Otras características físicas il. ;
Dimensiones 20 cm.
490 1# - MENCIÓN DE SERIE
Mención de serie Las buenas lecturas ;
Designación de volumen o secuencia 1
650 #4 - PUNTO DE ACCESO ADICIONAL DE MATERIA--TÉRMINO DE MATERIA
Término de materia o nombre geográfico como elemento de entrada Carreras de caballos.
9 (RLIN) 10793
700 1# - ENTRADA AGREGADA--NOMBRE PERSONAL
Nombre de persona Hernández, José,
Fechas asociadas al nombre 1944-2013
9 (RLIN) 159668
700 1# - ENTRADA AGREGADA--NOMBRE PERSONAL
Nombre de persona Savater, Juan Carlos.
9 (RLIN) 104058
830 14 - PUNTO DE ACCESO ADICIONAL DE SERIE-TÍTULO UNIFORME
Título uniforme Las buenas lecturas
Designación de volumen o secuencia 1
9 (RLIN) 233393
852 ## - LOCALIZACIÓN
Ubicación ES-MaACL
Número de control de estantería L-7898
Holdings
Estatus retirado Estado de pérdida Estado de daño No para préstamo Biblioteca de origen Biblioteca actual Ubicación en estantería Fecha de adquisición Fuente de adquisición Total de préstamos Signatura topográfica completa Código de barras Visto por última vez Precio de reemplazo Tipo de ítem Koha
        Biblioteca del Ateneo de Madrid Biblioteca del Ateneo de Madrid Depósito 2 17/01/2008     L-7898 1145287 23/02/2023 23/02/2023 Libro impreso